| 000 | 00447nam a2200145Ia 4500 | ||
|---|---|---|---|
| 008 | 220217s9999 xx 000 0 und d | ||
| 245 | 0 | _aMethods of testing vulcanized rubber. Part A 12. Determination of Rubber-to-fabric adhesion (PLY Separation). | |
| 260 | _c1968 | ||
| 500 | _aStandard number: BS 903 Part A 12 | ||
| 650 | _aAdhesion | ||
| 650 | _aPLY separation | ||
| 650 | _aRubber to fabric | ||
| 650 | _aVulcanized rubber | ||
| 942 | _cST | ||
| 999 |
_c73164 _d73164 |
||